Frédéric Chopin
Guardat en:
| Autor principal: | |
|---|---|
| Format: | Llibre |
| Idioma: | francès |
| Publicat: |
París
Bernard Grasset
1974
|
| Matèries: | |
| Etiquetes: |
Afegir etiqueta
Sense etiquetes, Sigues el primer a etiquetar aquest registre!
|
MARC
| LEADER | 00000nam a2200000 a 4500 | ||
|---|---|---|---|
| 001 | UCN1237 | ||
| 003 | CL-VaPUC | ||
| 008 | 010420e19740000FR |||||||||||||||||fre|d | ||
| 082 | 0 | 4 | |a 780.92 |b GAV |2 21 |
| 100 | 0 | |a Gavoty, Bernard |e author |9 456715 | |
| 245 | 1 | 0 | |a Frédéric Chopin |
| 300 | |a 535 p | ||
| 942 | |c BK | ||
| 945 | |d 20010420 00:00:00 |a crobeson | ||
| 260 | |a París |b Bernard Grasset |c 1974 | ||
| 600 | 0 | |a Chopin, Frederic |9 306591 | |
| 650 | 7 | |a COMPOSITORES POLACOS |2 CL-VaPUC |9 456716 | |
| 650 | 0 | |a Pianistas |9 306502 | |
| 650 | 0 | |a Músicos polacos |9 456717 | |
| 583 | |a last modification |c 20010420 00:00:00 |k Rodrigo Vera | ||
| 999 | |c 294812 |d 294810 | ||